| 000 | 00761 a2200205 4500 | ||
|---|---|---|---|
| 020 | _a0750677597 | ||
| 040 |
_aDLC _bDLC |
||
| 082 | 0 | 0 | _a621.3822 |
| 100 | 1 | _aOshana, Robert. | |
| 245 | 1 | 0 |
_aDSP software development techniques for embedded and real-time systems _cOshana, Robert |
| 260 |
_aBurlington, MA : _bNewnes, _c2005. |
||
| 300 | _ap. cm. | ||
| 440 | 0 | _aEmbedded technology series | |
| 650 | 0 |
_aSignal processing _xDigital techniques. |
|
| 650 | 0 | _aEmbedded computer systems. | |
| 650 | 0 |
_aComputer software _xDevelopment. |
|
| 856 | 4 | 1 |
_3Table of contents only _uhttp://www.loc.gov/catdir/toc/ecip064/2005033710.html |
| 856 | 4 | 1 |
_3Publisher description _uhttp://www.loc.gov/catdir/enhancements/fy0623/2005033710-d.html |
| 942 |
_cBK _k621.3822 OSH _2ddc |
||
| 999 |
_c8320 _d8320 |
||